Score 0/19 Timer 07:00
4 Plays Today
Chapter Your Choice % Correct
Chapter 1???
97.7%
Chapter 2???
94.3%
Chapter 3???
91%
Chapter 4???
87.9%
Chapter 5???
86.1%
Chapter 6???
85%
Chapter 7???
81.1%
Chapter 8???
77.7%
Chapter 9???
74.8%
Chapter 10???
74.2%
Chapter Your Choice % Correct
Chapter 11???
68.3%
Chapter 12???
67.5%
Chapter 13???
65.9%
Chapter 14???
50.4%
Chapter 15???
49.5%
Chapter 16???
48.1%
Chapter 17???
47.2%
Chapter 18???
41.4%
Chapter 19???
41.1%
Remove Ads.
Support Sporcle.
Get the best of Sporcle when you Go Orange. This ad-free experience offers more features, more stats, and more fun while also helping to support Sporcle. Thank you for becoming a member.

You're not logged in!

Compare scores with friends on all Sporcle quizzes.
OR
Log In

Sporcle TV

Today on Sporcle TV


Watch our educational content, quiz creation guides, and fun videos on Sporcle TV.

Show Comments

Extras

Top Quizzes Today


Score Distribution

Paid Content

Your Account Isn't Verified!

In order to create a playlist on Sporcle, you need to verify the email address you used during registration. Go to your Sporcle Settings to finish the process.

Report this User

Report this user for behavior that violates our Community Guidelines.

Details: